Laporan Tahunan : Program Penanaman Pokok Bakau Dan Spesis-Spesis Yang Sesuai Di Persisiran Pantai Negara

Bibliographic Details
Format: Book
Subjects:

MARC

LEADER 00000cam a2200000 7i4500
001 0000004209
005 20251104.0
008 251104s2023 my bm
022 0 0 |a 2710-6438 
040 |a JPSM   |b eng   |c JPSM   |e rda 
090 0 0 |a 577.6980959505   |b JAB 
245 1 0 |a Laporan Tahunan :   |b Program Penanaman Pokok Bakau Dan Spesis-Spesis Yang Sesuai Di Persisiran Pantai Negara 
300 |a volume :   |b color illustrations ;   |c 26cm. 
336 |a text  |2 rdacontent 
337 |a unmediated  |2 rdamedia 
338 |a volume  |2 rdacarrier 
650 1 0 |a Mangrove swamps   |z Malaysia   |v Periodicals 
650 2 0 |a Coastal ecology   |z Malaysia   |v Periodicals 
650 2 0 |a Coastal zone management   |z Malaysia   |v Periodicals 
999 |a 0000008094   |b Monograph   |c Open Shelf   |e Default branch